Ο οδηγός της Microsoft για την MS DOS QBasic

Αποθηκεύτηκε σε:
Λεπτομέρειες βιβλιογραφικής εγγραφής
Κύριος συγγραφέας: Halvorson, Michael
Άλλοι συγγραφείς: Rygmyr, David, 1958-
Μορφή: Βιβλίο
Γλώσσα:Greek
English
Δημοσίευση: Αθήνα : Κλειδάριθμος, 2001.
Έκδοση:Επίσημη έκδ.
Θέματα:
Ετικέτες: Προσθήκη ετικέτας
Δεν υπάρχουν, Καταχωρήστε ετικέτα πρώτοι!

MARC

LEADER 00000nam a2200000 i 4500
001 1/69077
008 020603s2001 gr | ||| |||| ||gre||
020 |a 9602091479 
035 |l 10002182 
040 |a GR-MyUa  |b gre  |e AACR2 
041 1 |a gre  |h eng 
082 7 |a 005.268   |2 (21)  
100 1 |a Halvorson, Michael. 
245 1 2 |a Ο οδηγός της Microsoft για την MS DOS QBasic /   |c Michael Halvorson, David Rygmyr ; μετάφραση Χρύσα Φυτσιλή].  
246 1 |i Άλλες παραλλαγές του τίτλου:   |a MS-DOS QBasic  
250 |a Επίσημη έκδ.  
260 |a Αθήνα :   |b Κλειδάριθμος,   |c 2001.  
300 |a 511 σ. :   |b εικ. ;   |c 24 εκ.  
500 |a Τίτλος πρωτοτύπου: Running MS-DOS QBasic.  
500 |a Περιλαμβάνει ευρετήριο.  
630 0 0 |a MS-DOS (Computer file) 
650 0 |a QBasic (Computer program language) 
700 1 |a Rygmyr, David,   |d 1958- 
852 |a INST  |b SYROS  |e 20020603  |h 005.268 HAL  |p 005500000240  |q 005500000240  |t BK  |y 620 
901 |a BIBL5-2002-2 
922 |a 5ΕΛΗ  |b 200204  |c Βιβλιοθήκη Σύρου  |d Παπασωτηρίου 
950 |a 188-2002-04-04 
970 |a Κοντού  |b Παρασκευή  |z 19/06/2002